جلجامش : (رقم التسجيلة. 42700)

تفاصيل مارك
000 -LEADER
fixed length control field 00486nam a22001697a 4500
005 - DATE AND TIME OF LATEST TRANSACTION
control field 20251108170527.0
008 - FIXED-LENGTH DATA ELEMENTS--GENERAL INFORMATION
fixed length control field 250721s1996 xx 000 0 ara d
082 14 - DEWEY DECIMAL CLASSIFICATION NUMBER
Classification number 801.093/سوا
100 1# - MAIN ENTRY--PERSONAL NAME
Personal name السواح، فراس
245 10 - TITLE STATEMENT
Title جلجامش :
Remainder of title ملحمة الرافدين الخالدة /
264 1# - PRODUCTION, PUBLICATION, DISTRIBUTION, MANUFACTURE, AND COPYRIGHT NOTICE
Place of production, publication, distribution, manufacture دمشق :
Name of producer, publisher, distributor, manufacturer دار علاء الدين،
Date of production, publication, distribution, manufacture, or copyright notice 1996.
300 ## - PHYSICAL DESCRIPTION
Extent 268ص
650 17 - SUBJECT ADDED ENTRY--TOPICAL TERM
Topical term or geographic name as entry element الأدب
650 17 - SUBJECT ADDED ENTRY--TOPICAL TERM
Topical term or geographic name as entry element الأدب القصصي
942 ## - ADDED ENTRY ELEMENTS (KOHA)
Source of classification or shelving scheme Dewey Decimal Classification
Koha item type كتب
المقتنيات
حالة السحب حالة الفقدان مصدر التصنيف حالة التلف غير قابل للإعارة المكتبة الرئيسية المكتبة الحالية موقع الرف تاريخ التزويد الرقم المتسلسل Total Checkouts رقم الإستدعاء الباركود تاريخ آخر ظهور تاريخ الفاتورة نوع المادة (كوها)
    Dewey Decimal Classification     مكتبة الحسن العامة مكتبة الحسن العامة الإعارة 28/07/2025 574682   801.093/سوا 574682 28/07/2025 28/07/2025 كتب
Implemented & Customized by: BBB with SCIT (Smart Chains for Information Technology)

Powered by Koha